• 首页
  • 本馆介绍
  • 公告通知
  • 最新文献
  • 馆藏检索
  • 电子资源
  • 读者导购
  • 参考咨询
  • 我的图书馆
  • 登录
  • 详细信息显示
  • 放入我的书架
  • 预约/预借图书
  • 作者相关作品
  • 分类相关作品
  • 丛书相关作品
  • 出版社相关作品

书目信息

  • 表格格式
  • 工作单格式
  • 卡片格式
题名:
Vim 8文本处理实战
    
 
作者: 奥西波夫 著 ;王文涛 译
分册:  
出版信息: 北京   人民邮电出版社  2021.1
页数: 238页
开本: 24cm
丛书名:
单 册:
中图分类: TP316.81
科图分类:
主题词: UNIX操作系统--程序设计
电子资源:
ISBN: 978-7-115-52705-9
000 01191nam0 2200289 45
001 012001002528
005 20140914133429.0
010    @a978-7-115-52705-9@dCNY59.00
100    @a20200416d2020 em y0chiy50 ea
101 1  @achi@ceng
102    @aCN@b110000
105    @aa z 000yy
106    @ar
200 1  @aVim 8文本处理实战@AVim 8wen ben chu li shi zhan@b专著@f(美)鲁斯兰·奥西波夫(Ruslan Osipov)著@g王文涛译
210    @a北京@c人民邮电出版社@d2021.1
215    @a238页@c图@d24cm
300    @a并列题名:Hands-on text proccessing with Vim 8
305    @a由英国Packt Publishing公司授权出版
312    @a版权页英文题名:Hands-on text proccessing with Vim 8
330    @a本书介绍了各种常用的文本编辑方法和程序设计中的实用操作,深入Vim内部的数据结构和VimSeript脚本编程。本书基于Vim 8平台,介绍了前沿分支Neovim,还推荐了更先进的Oni编辑器,集Vim社区典型使用经验和发展趋势于一体。
510 1  @aHands-on text proccessing with Vim 8@zeng
606 0  @aUNIX操作系统@x程序设计
690    @aTP316.81@v5
701  0 @c(美)@a奥西波夫@Aao xi bo fu@c(Osipov, Ruslan)@4著
702  0 @a王文涛@Awang wen tao@4译
801  2 @aCN@bBJSDL@c20211018
905    @b1344236-9@dTP316.81@e1079@f4
    
    Vim 8文本处理实战/(美)鲁斯兰·奥西波夫(Ruslan Osipov)著/王文涛译.-北京:人民邮电出版社,2021.1
    238页:图;24cm
    并列题名:Hands-on text proccessing with Vim 8
    
    ISBN 978-7-115-52705-9:CNY59.00
    本书介绍了各种常用的文本编辑方法和程序设计中的实用操作,深入Vim内部的数据结构和VimSeript脚本编程。本书基于Vim 8平台,介绍了前沿分支Neovim,还推荐了更先进的Oni编辑器,集Vim社区典型使用经验和发展趋势于一体。
●
相关链接 在E读中查询图书 在五车中查询图书 在当当中查询图书 在豆瓣中查询图书


正题名:Vim 8文本处理实战     索取号:TP316.81/1079         预约/预借

序号 登录号 条形码 馆藏地/架位号 状态 备注
1 1344236   213442363   第二样本阅览室/ [索取号:TP316.81/1079] 在馆    
2 1344237   213442372   第三借阅区/ [索取号:TP316.81/1079] 在馆    
3 1344238   213442381   第三借阅区/ [索取号:TP316.81/1079] 在馆    
4 1344239   213442390   第三借阅区/ [索取号:TP316.81/1079] 在馆    
唐山师范学院图书馆 欢迎您!
大连网信软件有限公司© 版权所有